[Event "Riga Summer Festival 2020"]
[Site "Riga"]
[Date "2020.06.17"]
[Round "4.5"]
[White "Krivenko, Dion"]
[Black "Kretainis, Kristaps"]
[Result "1/2-1/2"]
[WhiteElo "1992"]
[BlackElo "2263"]
[Annotator "TA"]
[PlyCount "60"]
[EventDate "2020.06.15"]
[EventType "swiss"]
[EventCountry "LAT"]
[SourceTitle "playchess.com"]
[Source "ChessBase"]
[SourceQuality "1"]

{[%evp 9,60,8,6,-11,18,-31,12,13,18,18,38,30,14,35,20,14,39,20,45,38,57,55,154,54,55,0,51,58,211,221,261,227,247,225,251,27,25,22,23,13,14,23,24,26,22,0,29,24,25,0,43,0,27]} 1. Nc3 d5 2. d4 c6 3. Nf3 Nf6 4. Bf4 Bf5 5. e3 e6 6. Ne5 {D00: 1 d4 d5: Unusual lines.} Bb4 7. f3 {[#]} (7. g4 {seems wilder.} Bg6 8. Bg2 Nfd7 9. Nd3 Na6 10. h4) 7... h6 $146 ({Predecessor:} 7... h5 8. Bd3 Qa5 9. Qd2 Nbd7 10. O-O Bxd3 11. Qxd3 Qd8 12. e4 O-O 13. Kh1 Nxe5 14. Bxe5 {1-0 (26) Syperek,S (2213)-Goebel,A (1945) Hessen 2017}) 8. g4 Bh7 9. Bd3 Qa5 10. Bxh7 {And now Bd3 would win.} Bxc3+ 11. bxc3 Qxc3+ 12. Kf2 {Qd3 is the strong threat.} Nxh7 13. Rb1 $36 {[%mdl 2048] White fights for an advantage.} b6 14. Rb3 {[%mdl 1024] White has compensation.} Qa5 15. Qd3 b5 (15... Nf6 $14) 16. Rhb1 (16. Ng6 $16 Rg8 17. Bxb8 fxg6 18. Ra3 (18. Qxg6+ Ke7 $14)) 16... O-O $14 17. Rc3 ({White should play} 17. h4 $14) 17... a6 ({Better is} 17... Qxa2 $11 18. Rcb3 Nf6) 18. h4 Rc8 $2 {[#]} ({Black should try} 18... f6 $14 19. Ng6 (19. Nxc6 Nxc6 20. Rxc6 Rfc8 $11) 19... Rf7) 19. g5 $1 $18 Qd8 20. Nxf7 {[%mdl 64] Deflection} ({Less strong is} 20. gxh6 Qxh4+ 21. Kg2 Qe7 $16) 20... Kxf7 21. Qxh7 {Threatens to win with g6+.} Qh8 {[#]} 22. Qd3 $2 ({Only move:} 22. g6+ $1 $18 Ke7 23. Bxh6 Qxh7 24. Bg5+ {[%mdl 64] Zwischenzug} Kd7 25. gxh7) 22... hxg5 $11 23. Bxg5 Nd7 24. e4 Qh5 25. Qe3 Nf8 26. Qf4+ Kg8 27. Qd6 Qf7 28. Re1 Qd7 29. Qg3 Qf7 (29... c5 $5) 30. Qd6 Qd7 {Accuracy: White = 70%, Black = 57%.} 1/2-1/2

[Event "Riga Summer Festival 2020"]
[Site "Riga"]
[Date "2020.06.18"]
[Round "5.1"]
[White "Chukavin, Kirill"]
[Black "Semjonovs, Ilja"]
[Result "0-1"]
[WhiteElo "2348"]
[BlackElo "2362"]
[Annotator "TA"]
[PlyCount "62"]
[EventDate "2020.06.15"]
[EventType "swiss"]
[EventCountry "LAT"]
[SourceTitle "playchess.com"]
[Source "ChessBase"]
[SourceQuality "1"]

{[%evp 18,62,41,22,20,16,16,13,7,0,-2,-7,-16,-10,0,-22,-34,-53,-37,-48,-6,-1,0,0,0,-21,-17,-29,-35,-72,-81,-95,-77,-84,-77,-1966,-157,-1157,-1141,-1058,-694,-29978,-29975,-12837,-297,-12833,-5485]} 1. e4 c5 2. Nf3 d6 3. d4 cxd4 4. Nxd4 Nf6 5. Nc3 Nc6 6. g3 e5 7. Nde2 Be7 8. Bg2 O-O 9. O-O Be6 10. h3 Rc8 {B56: Classical Sicilian: Unusual Lines.} 11. Be3 Qd7 12. Kh2 {[#]} Bd8 $146 {The position is equal.} ({Predecessor:} 12... b6 13. b3 Nb4 14. a3 Na6 15. f4 g6 16. Nd5 Bxd5 17. exd5 b5 18. g4 Qc7 {1-0 (29) Petkovic,R (2302)-Racz,P (2006) Senta 2012}) 13. Qd2 Ba5 14. Rfd1 Rfd8 15. a3 Bc4 16. Qc1 Ne7 17. Bg5 Qe6 18. f4 Bxe2 (18... d5 {is more complex.} 19. fxe5 Qxe5 20. Qf4 Bc7 21. Qxe5 Bxe5 22. exd5 Bxe2 23. Re1 Bxc3 24. bxc3 Ba6) 19. Nxe2 Qc4 20. Qe3 Qxc2 21. Qxa7 Qxb2 {Threatens to win with ...Bb6.} 22. Qxa5 {Strongly threatening Qe1.} Qxe2 23. fxe5 Nc6 {[%mdl 64] Double Attack} 24. Qb6 Nxe5 25. Bxf6 gxf6 26. Rac1 $2 {[%mdl 8192]} (26. Rf1 $17) 26... Kg7 $2 $40 {[%mdl 128] Black goes for the king.} (26... Nf3+ $19 {has better winning chances.} 27. Kh1 {[#]} Rc2 $1 {[%mdl 512]}) 27. Rf1 $2 {This move loses the game for White.} (27. Qb3 $17) 27... Rxc1 $19 28. Rxc1 {[#]} Rc8 $1 {[%mdl 512]} 29. Qb1 (29. Rxc8 Nf3+) 29... Rxc1 30. Qxc1 Nf3+ 31. Kh1 {If only White now had time for Qf1....} Ne1 {Accuracy: White = 64%, Black = 78%.} 0-1

[Event "Riga Summer Festival 2020"]
[Site "Riga"]
[Date "2020.06.18"]
[Round "5.2"]
[White "Stabulnieks, Klavs"]
[Black "Berzinsh, Roland"]
[Result "0-1"]
[WhiteElo "2204"]
[BlackElo "2375"]
[Annotator "TA"]
[PlyCount "84"]
[EventDate "2020.06.15"]
[EventType "swiss"]
[EventCountry "LAT"]
[SourceTitle "playchess.com"]
[Source "ChessBase"]
[SourceQuality "1"]

{[%evp 10,84,31,31,35,31,35,28,45,34,43,29,34,26,27,9,14,8,12,13,16,0,0,0,0,0,13,14,13,15,22,18,16,16,13,15,9,8,15,6,8,6,12,12,8,5,4,-10,0,0,0,0,0,0,0,-17,0,-43,-47,-75,-68,-79,-58,-162,-145,-153,-152,-145,-139,-481,-494,-1201,-1178,-983,-725,-792,-785]} 1. d4 d5 2. c4 dxc4 3. e4 Nc6 4. Nf3 Bg4 5. d5 Ne5 6. Bf4 Ng6 {D20: Queen's Gambit Accepted: 3 e3 and 3 e4.} 7. Be3 e5 8. Bxc4 Nf6 {White has an edge.} 9. Nc3 Nh4 10. Rg1 a6 11. Be2 Ng6 12. Nd2 Bxe2 13. Qxe2 Bb4 {[#]} 14. g3 $146 ({Predecessor:} 14. Rc1 Nf4 15. Bxf4 exf4 16. g3 fxg3 17. hxg3 O-O 18. Kf1 Re8 19. Qf3 c6 20. Ndb1 cxd5 21. exd5 {0-1 (34) Maletin,P (2583)-Khismatullin,D (2680) Izhevsk 2014}) 14... Rc8 15. f3 c6 16. dxc6 Rxc6 17. Rc1 O-O 18. Kf2 Qc8 19. Kg2 Rd8 {[%cal Rb4c3]} 20. Ndb1 Bc5 21. Rgd1 Bd4 22. Qf2 {[%cal Re3d4]} Bxe3 23. Qxe3 h5 24. h4 Ne7 {[%cal Bg6e7,Be7c6,Bc6b4][%mdl 32]} 25. Nd2 Rcd6 26. Nb3 Nc6 27. Rxd6 Rxd6 28. Na4 Qd8 29. Nac5 Qb6 30. Qf2 Nb4 31. a3 Nc6 32. Rc2 a5 33. a4 Nd7 34. Rc3 {[#] next Nxd7 is good for White.} Qb4 $1 35. Nxd7 Rxd7 36. Nc5 ({White should play} 36. Qe2 $15) 36... Rd1 $19 37. Rb3 Qc4 38. Rc3 {[#]} Qa2 $1 39. Nxb7 $2 {[%mdl 8192] [#] White does not recover from this.} (39. Rd3 $17 {was the crucial defense.} Rxd3 40. Nxd3) 39... Rb1 $1 {[%mdl 512] Black is clearly winning.} 40. Rc2 ({Worse is} 40. Rxc6 Rxb2 41. Qxb2 Qxb2+ 42. Kf1 Qxb7) (40. Ra3 $142 Qxb2 41. Qxb2 Rxb2+ 42. Kh3 Rxb7 43. Rc3) 40... Nd4 41. Rd2 Qxa4 42. Nd6 Qc6 {Accuracy: White = 72%, Black = 97%.} 0-1

[Event "Riga Summer Festival 2020"]
[Site "Riga"]
[Date "2020.06.18"]
[Round "5.3"]
[White "Olde, Margareth"]
[Black "Stepins, Edgars"]
[Result "0-1"]
[WhiteElo "2201"]
[BlackElo "2277"]
[Annotator "TA"]
[PlyCount "148"]
[EventDate "2020.06.15"]
[EventType "swiss"]
[EventCountry "LAT"]
[SourceTitle "playchess.com"]
[Source "ChessBase"]
[SourceQuality "1"]

{[%evp 13,148,20,65,60,68,62,88,56,91,84,86,95,146,152,150,150,150,136,141,140,132,141,157,65,66,54,56,51,46,46,47,50,75,33,60,54,68,27,50,0,12,0,0,0,12,0,0,0,0,0,0,-8,-8,-11,-4,-2,0,0,0,0,0,0,0,0,0,-6,-6,-6,0,-7,-7,-7,0,0,0,0,0,0,0,0,0,0,0,0,0,0,0,0,0,0,0,0,0,0,0,0,0,0,0,0,0,0,0,0,0,0,0,0,0,0,0,0,0,0,0,0,0,0,0,-8,-8,-8,-8,-165,-137,-29970,-29972,-29978,-29979,-29979,-29980,-29980,-29981,-29980,-29981,-29983,-29980]} 1. d4 Nf6 2. c4 g6 3. Nc3 Bg7 4. e4 O-O 5. h3 d6 6. Be3 Nbd7 7. Nf3 c5 8. d5 {E90: King's Indian: Classical: Early deviations and 6 h3.} a6 9. a4 {[%cal Ba2a4,Ba4a5][%mdl 32]} Ne8 10. Bd3 {[#] White is better.} Qc7 $146 ({Predecessor:} 10... a5 11. Qd2 Nc7 12. Rd1 b6 13. Bh6 Ne5 14. Nxe5 dxe5 15. Bxg7 Kxg7 16. f4 Qd6 {1-0 (57) Arun Prasad,S (2529)-Akash Pc,I (2221) Hyderabad 2013}) 11. O-O Ne5 12. Nxe5 dxe5 (12... Bxe5 $142 13. Qd2 f5) 13. a5 $16 Bd7 14. Na4 Bxa4 15. Rxa4 Nf6 16. b4 Nd7 17. Qb1 Rab8 18. bxc5 (18. b5 $16) 18... Nxc5 $14 19. Bxc5 Qxc5 20. Rb4 Qxa5 21. Rxb7 Rxb7 22. Qxb7 Qa3 23. Rd1 Bf6 24. Bf1 a5 25. Rb1 Bg5 26. Qb6 Bd2 27. c5 {Black must now prevent c6.} Bb4 28. c6 {c7 is the strong threat.} Qc3 29. Ba6 Bd6 30. Qb2 Qxb2 31. Rxb2 $11 {[%mdl 4096] Endgame KRB-KRB} Ra8 32. Bb7 Ra7 33. Rb6 Kf8 34. Kf1 Ke8 35. Ke2 Kd8 36. Ra6 Rxa6 37. Bxa6 {KB-KB} Kc7 38. Kd3 Kb6 39. Bc4 Kc5 40. Kc3 a4 41. Ba2 Bc7 42. f3 Ba5+ 43. Kd3 f6 44. h4 Kb4 45. Kc2 Bc7 46. Kb2 h6 47. g4 Bd6 48. h5 gxh5 (48... a3+ {keeps more tension.} 49. Kc2 g5 50. Kd3 Bc7 51. Kd2 Bd8) 49. gxh5 Bc7 50. Kc2 Ka3 51. Kb1 (51. Bb1 {with more complications.} Kb4 52. Ba2) 51... Ba5 52. Ka1 Bc7 53. Kb1 Kb4 54. Kb2 Kb5 55. Ka3 Ba5 56. Bb1 Bb4+ 57. Kb2 {Hoping for c7.} Bd6 58. Bd3+ Kb4 59. Bf1 a3+ 60. Ka2 Kc3 61. Bh3 Kd4 62. c7 Bxc7 63. Kxa3 Ke3 64. Bg4 Kf4 65. Kb4 Kg5 66. Kc5 f5 67. exf5 {[#]} ({But not} 67. Bxf5 Kxh5 68. Kc6 Bd6 $17) 67... e4 $1 {[%mdl 512]} 68. Kd4 $2 (68. fxe4 $11 Kxg4 69. Kc6) 68... Kf4 $19 69. fxe4 $2 {[%mdl 8192]} (69. Bh3 $17) 69... Kxg4 {Black mates.} 70. d6 Bxd6 $17 {KB-K3P} 71. e5 Ba3 72. Ke4 Kg5 73. f6 {[#]} e6 $1 (73... exf6 74. exf6 Kxh5 75. Kf3 $19) 74. Kf3 Kxh5 {Quite a comeback for Black. Accuracy: White = 84%, Black = 95%.} 0-1

[Event "Riga Summer Festival 2020"]
[Site "Riga"]
[Date "2020.06.18"]
[Round "5.4"]
[White "Andrijashkin, Deniss"]
[Black "Sveshnikov, Vladimir"]
[Result "0-1"]
[WhiteElo "1850"]
[BlackElo "2424"]
[Annotator "TA"]
[PlyCount "94"]
[EventDate "2020.06.15"]
[EventType "swiss"]
[EventCountry "LAT"]
[SourceTitle "playchess.com"]
[Source "ChessBase"]
[SourceQuality "1"]

{[%evp 9,94,25,26,34,27,45,10,-25,-33,-27,-7,-23,0,0,0,-37,-6,-34,-4,-14,-4,-31,-7,-100,0,0,-7,-18,0,0,0,0,762,375,737,362,370,372,374,373,373,374,354,360,427,440,419,388,818,470,460,452,492,473,453,367,351,356,466,466,479,483,523,525,514,509,646,642,29991,555,675,514,704,681,740,752,29977,29978,5414,668,29987,29988,29988,29989,29988,-29988,-6837]} 1. e4 c6 2. Nf3 d5 3. Nc3 Nf6 4. e5 Ne4 5. Ne2 Qb6 {[%csl Ge4][%cal Rb6f2]} 6. d4 {B11: Caro-Kann: Two Knights Variation.} e6 7. Nfg1 f6 8. exf6 {The position is equal.} (8. f3 $5 {[%cal Rf3e4]} Ng5 9. a4 $11) 8... Nxf6 9. Nf3 {[#]} Bd6 $146 ({Predecessor:} 9... c5 10. Nf4 cxd4 11. Bd3 Bd6 12. O-O e5 13. Re1 Nc6 14. Ng5 e4 15. Nxd5 Nxd5 16. Nxe4 {1-0 (43) Puranik,A (2459)-Svane,R (2573) Zalakaros 2017}) 10. Ng3 O-O 11. Bd3 c5 12. c3 cxd4 13. cxd4 Nc6 14. O-O Bd7 15. Re1 Rae8 16. Bg5 (16. Be3 $11) 16... e5 ({Better is} 16... Ng4 $17 {And now ...Bxg3 would win.} 17. Bc2 e5) 17. Bxf6 $11 Rxf6 18. Bxh7+ $1 Kxh7 19. Ng5+ $1 Kg8 20. Qh5 {Qh7+ is the strong threat.} Qxd4 $4 {[%mdl 8192]} ({Not} 20... Rxf2 $2 21. Rf1 $18) (20... Ne7 $11 21. Qh7+ (21. dxe5 $2 Qxf2+ 22. Kh1 Rh6 $19) 21... Kf8 22. Qh8+ Ng8 23. Nh7+ Kf7 24. Ng5+ Kf8 25. Nh7+ Kf7 26. Ng5+ Kf8) 21. Qh7+ $18 Kf8 22. Qh8+ Ke7 23. Qxg7+ Kd8 24. Qxf6+ {[%mdl 64] Double Attack} Be7 25. Ne6+ Bxe6 26. Qxe6 Bb4 27. Qf6+ Kc8 28. Nf5 Qxb2 $2 (28... Qb6 29. Red1 Qd8 30. Qxd8+ Rxd8) 29. Nd6+ Bxd6 30. Qxd6 Rd8 31. Qe6+ Kc7 32. Rac1 e4 33. h4 Qh8 34. Red1 Qh5 35. Rd2 Rd6 36. Qe7+ Rd7 37. Qf6 {Strongly threatening Rb2.} Rf7 38. Qe6 Rf5 {[#]} 39. Rc5 (39. Rdc2 $142 $1 Qd1+ 40. Rxd1 Rxf2 41. Kxf2 e3+ 42. Qxe3 Kd6 43. Qf4+ Ke7 44. Re1+ Ne5 45. Rxe5+ {[%mdl 64] Double Attack} Kd8 46. Qg5+ Kd7 47. Qe7#) 39... e3 40. Qxe3 {aiming for Qe7+.} Re5 41. Qf4 Kb6 42. Rc1 Re4 43. Rb2+ Ka6 44. Qd2 (44. Qc7 $142 b6 45. Qc8+ Ka5 46. Qxc6) 44... Nd4 {White must now prevent ...Ne2+.} 45. Qd3+ b5 46. Qa3+ Kb7 47. Qe7+ $4 {[%mdl 8192]} (47. Qd6 {and life is good for White.} Re1+ 48. Rxe1 Qf7 49. Re7+ Qxe7 50. Qxe7+ Kc6 51. Qxa7 Ne6 52. Rc2+ Kd6 53. Qa6+ Kd7 54. Qc6+ Ke7 {[#]} 55. Re2 $1 {[%mdl 512]} Kf8 56. Rxe6 Kg8 57. Qd7 Kh8 58. Re8#) 47... Rxe7 {What a bad dream for White. Accuracy: White = 65%, Black = 54%.} 0-1

[Event "Riga Summer Festival 2020"]
[Site "Riga"]
[Date "2020.06.18"]
[Round "5.5"]
[White "Vardanyan, Aras"]
[Black "Krivonosov, Oleg"]
[Result "1/2-1/2"]
[WhiteElo "2178"]
[BlackElo "2391"]
[Annotator "TA"]
[PlyCount "137"]
[EventDate "2020.06.15"]
[EventType "swiss"]
[EventCountry "LAT"]
[SourceTitle "playchess.com"]
[Source "ChessBase"]
[SourceQuality "1"]

{[%evp 14,137,19,17,26,21,21,25,20,24,22,22,27,18,17,16,18,13,25,0,0,0,0,-16,0,-14,-10,-58,-34,-42,-14,-56,-53,-39,-25,-40,-29,-46,-30,-31,-29,-46,0,-13,0,0,0,0,9,8,8,9,20,6,14,0,55,51,51,70,62,62,80,72,83,87,52,65,66,6,6,6,10,0,0,0,0,0,0,0,0,0,0,0,0,0,0,0,50,50,50,50,50,50,50,50,50,12,50,27,30,27,29,20,20,20,41,13,13,13,13,13,13,13,13,13,13,13,13,13,13,13,13,13,13,0]} 1. d4 d5 2. c4 e6 3. Nc3 Be7 4. cxd5 exd5 5. Bf4 c6 6. e3 Bd6 7. Bxd6 Qxd6 8. Bd3 Ne7 {D31: Queen's Gambit Declined: Semi-Slav without ...Nf6 (+ Marshall Gambit and Noteboom) and Exchange Variation lines without ...Nf6.} 9. Qc2 b6 10. Nf3 Ba6 {White has an edge.} 11. O-O Bxd3 12. Qxd3 O-O 13. Rab1 {[#]} a5 $146 ({Predecessor:} 13... Nd7 14. b4 a6 15. a3 a5 16. bxa5 Rxa5 17. Rb2 Nc8 18. Nd2 Ne7 19. Kh1 Rd8 {0-1 (31) Ott,F (2345)-Slobodjan,R (2460) Germany 2017}) 14. a3 Nd7 {[%cal Bb8d7,Bd7b6,Bb6c4][%mdl 32]} 15. Rfc1 h6 16. Ne2 a4 17. h4 b5 18. h5 Nb6 19. Ng3 Nc4 20. Nh4 Rae8 21. Rc2 Qf6 22. Nhf5 Nxf5 23. Qxf5 Qh4 24. Qf3 g6 25. Re2 Re6 26. e4 $1 dxe4 27. Rxe4 Rxe4 28. Nxe4 Kg7 29. Re1 Qd8 30. Qc3 Qd5 31. hxg6 fxg6 32. Nc5 {[#] Threatens to win with Ne6+.} Kh7 33. Qg3 {Black should prevent Re7+.} Rf7 34. Ne6 Qd6 (34... Nxb2 35. Re5 $16) ({Black should play} 34... Qf5 $11) 35. Qh4 $1 $14 Qd5 36. Nd8 Rg7 $1 37. Qf6 Qf5 38. Qxc6 Nxb2 39. Re5 Qb1+ 40. Kh2 Nc4 41. Re8 (41. Rc5 $14 Nd2 42. Ne6 (42. Qxb5 Qe4 $17) (42. Rxb5 Nf1+ 43. Kh3 Qd3+ {[%mdl 64] Double Attack} 44. g3 Qxd4 $11)) 41... Qf5 $1 $132 {[%mdl 2048] Black has counterplay} ({Worse is} 41... Nxa3 42. Ne6 Qf5 43. Qc8 g5 44. Nf8+ Qxf8 45. Rxf8 Rf7 46. Rxf7+ Kg6 47. Qf5+ Kh5 48. Rg7 Kh4 49. Qh3#) 42. Ne6 {Threatening mate with Qc8.} Rf7 43. Qc8 {[%csl Gc8][%cal Re8h8]} Qf6 44. Nf8+ Kg7 {[#]} 45. Nxg6 $1 {[%mdl 512]} Nd6 (45... Qxg6 46. Rg8+) 46. Rg8+ Kh7 47. Qd8 Qxd8 48. Rxd8 {[%mdl 4096] Endgame KRN-KRN} Nb7 49. Nf8+ Kg7 (49... Kg8 $5 50. Rb8 $8 Rxf8 51. Rxb7 Rxf2 $11) 50. Rb8 $1 b4 51. axb4 {aiming for Ne6+.} Rxf8 52. Rxb7+ $14 {KR-KR} Rf7 53. Rb5 Rxf2 54. Ra5 Ra2 55. b5 a3 56. b6 Rb2 57. Rxa3 {Strongly threatening Ra7+.} Rxb6 58. Rd3 Kf6 59. Kg3 Rb2 60. d5 {Hoping for d6.} Ke7 {The position is equal.} 61. d6+ Kd7 62. Kh3 Rb5 63. Kh4 Re5 64. g4 Rc5 65. Rf3 {And now Rf6 would win.} Kxd6 66. Rf6+ Ke7 67. Rxh6 Kf7 68. Ra6 Kg7 69. g5 {Accuracy: White = 88%, Black = 91%.} 1/2-1/2

[Event "Riga Summer Festival 2020"]
[Site "Riga"]
[Date "2020.06.19"]
[Round "6.1"]
[White "Berzinsh, Roland"]
[Black "Semjonovs, Ilja"]
[Result "1/2-1/2"]
[WhiteElo "2375"]
[BlackElo "2362"]
[Annotator "TA"]
[PlyCount "102"]
[EventDate "2020.06.15"]
[EventType "swiss"]
[EventCountry "LAT"]
[SourceTitle "playchess.com"]
[Source "ChessBase"]
[SourceQuality "1"]

{[%evp 10,102,27,9,29,16,6,10,40,39,47,47,54,39,37,27,25,2,14,17,32,19,52,12,44,12,12,13,23,12,12,18,20,20,19,12,20,15,23,0,0,0,0,0,0,0,0,0,0,0,0,0,0,0,0,0,0,0,0,0,0,0,0,0,0,0,0,0,0,0,0,0,0,0,0,0,0,0,0,0,0,0,0,0,0,0,8,0,0,0,0,0,0,0,0]} 1. e4 c5 2. Nf3 d6 3. Bb5+ Nd7 4. d4 cxd4 5. Qxd4 a6 6. Bxd7+ (6. Be2 {keeps more tension.} e5 7. Qe3 Be7 8. O-O Ngf6 9. c4) 6... Qxd7 {B51: Sicilian: Moscow Variation (3 Bb5+) without 3...Bd7.} 7. c4 e5 8. Qd3 {[#]} b5 $146 ({Predecessor:} 8... f5 9. Nc3 Nf6 10. O-O fxe4 11. Nxe4 Nxe4 12. Qxe4 Qf5 13. Qe3 Be7 14. b3 O-O {1-0 (58) Diaz Camallonga,C (2474)-Blomqvist,E (2539) chess.com INT 2020}) 9. Nc3 Rb8 10. O-O h6 11. b3 Nf6 12. Be3 Be7 13. a4 {[%cal Rc4b5]} bxc4 14. bxc4 O-O 15. Rab1 Bb7 16. Rb6 Bc6 17. Rxa6 Ra8 18. Rxa8 Rxa8 19. Ra1 Nxe4 20. Nxe4 {aiming for Nc3.} f5 $1 {[%cal Rf5e4]} 21. Nc3 {Black must now prevent Qd1.} e4 {[%mdl 64] [#] Double Attack} 22. Qd1 {Strongly threatening Nd4.} exf3 23. Nd5 Bd8 $1 24. Bb6 (24. Qxf3 {feels hotter.} Rxa4 25. Rxa4 Bxa4 26. h3 Bc6 27. Bd2) 24... Rxa4 {The position is equal.} 25. Rxa4 Bxa4 26. Qxf3 Bxb6 27. Nxb6 Qe6 {[%cal Re6e1] [#]} 28. Qd5 Qxd5 29. cxd5 $11 {[%mdl 4096] Endgame KB-KN} Bb3 30. Nc8 Kf8 31. f4 g6 32. Kf2 Bxd5 33. Nxd6 Ke7 34. Nb5 Kf6 35. g3 g5 36. Ke3 Bh1 37. Kd4 gxf4 38. gxf4 Be4 39. Nd6 Bf3 40. Ne8+ Ke7 41. Nc7 {Threatening Ke5.} Kd6 42. Nb5+ Kc6 43. Na3 {Threatens to win with Ke5.} Kd6 44. Nc4+ Ke6 45. Kc5 Be4 46. Ne5 Bb1 47. Nf3 Kf6 48. Ne5 Ke6 49. Nc6 Kf6 50. Ne5 Ke6 51. h3 Be4 {Accuracy: White = 95%, Black = 98%.} 1/2-1/2

[Event "Riga Summer Festival 2020"]
[Site "Riga"]
[Date "2020.06.19"]
[Round "6.2"]
[White "Stepins, Edgars"]
[Black "Mustaps, Matiss"]
[Result "1/2-1/2"]
[WhiteElo "2277"]
[BlackElo "2370"]
[Annotator "TA"]
[PlyCount "82"]
[EventDate "2020.06.15"]
[EventType "swiss"]
[EventCountry "LAT"]
[SourceTitle "playchess.com"]
[Source "ChessBase"]
[SourceQuality "1"]

{[%evp 19,82,1,13,0,0,-5,16,3,22,25,25,-32,-23,-37,-21,-20,-22,-29,14,0,0,0,0,0,0,9,52,22,47,-15,40,0,-16,-2,0,-2,28,-30,-26,-33,-29,-41,-6,-12,0,-15,-15,-18,-17,-12,-10,-13,-15,-15,-12,-17,0,0,0,0,0,0,0,0,3]} 1. c4 Nf6 2. Nc3 g6 3. g3 Bg7 4. Bg2 O-O 5. e4 d6 6. Nge2 c5 7. d3 Nc6 8. O-O Ne8 9. h3 Nc7 10. Be3 Ne6 11. Qd2 {A36: Symmetrical English vs ...g6: 4 Bg2 Bg7.} Ned4 12. f4 f5 13. Kh2 a6 14. Rae1 Rb8 {[#]} 15. Nd1 $146 ({Better is} 15. exf5 $11 Bxf5 16. Bxd4 cxd4 17. Ne4) ({Predecessor:} 15. Bxd4 cxd4 16. Nd1 Bd7 17. Nf2 b5 18. b3 e5 19. Ng1 Bh6 20. exf5 gxf5 21. Nf3 {½-½ (59) Tiefenbach,W-Panzer,P (2355) Cattolica 1992}) 15... b5 16. Nxd4 Nxd4 17. exf5 Nxf5 18. Bf2 Bd7 19. Nc3 e6 20. cxb5 axb5 21. Ne4 Qe7 22. b4 Nd4 23. bxc5 dxc5 24. Ng5 (24. Rc1 $14) 24... h6 ({Black should play} 24... Rb6 $11) 25. Nf3 (25. Bxd4 $14 Bxd4 26. Nf3) 25... Nxf3+ $1 $11 26. Bxf3 Rfc8 27. Be4 Qf7 (27... b4 {seems wilder.} 28. Re2 Qf7 29. Qe3 Bc6 30. Rc1 Bc3) 28. Rb1 ({White should try} 28. Rc1) 28... Bc6 29. Bxc6 Rxc6 30. Rfc1 Qc7 31. Rc2 {The position is equal.} Kh7 32. Qe2 Qd6 33. Qe4 Bf8 34. Kg2 Qd5 35. Kf3 Kg8 36. Be3 Kf7 37. g4 Rcc8 38. Rbc1 Rd8 39. Bxc5 Bxc5 40. Rxc5 Qxd3+ 41. Qe3 Qd6 {Accuracy: White = 85%, Black = 85%.} 1/2-1/2

[Event "Riga Summer Festival 2020"]
[Site "Riga"]
[Date "2020.06.19"]
[Round "6.3"]
[White "Sveshnikov, Vladimir"]
[Black "Bekasovs, Rihards"]
[Result "1-0"]
[WhiteElo "2424"]
[BlackElo "2179"]
[Annotator "TA"]
[PlyCount "65"]
[EventDate "2020.06.15"]
[EventType "swiss"]
[EventCountry "LAT"]
[SourceTitle "playchess.com"]
[Source "ChessBase"]
[SourceQuality "1"]

{[%evp 13,65,49,80,81,103,107,108,108,112,87,102,65,63,41,47,37,34,45,50,50,75,83,109,120,107,110,128,84,83,77,82,96,121,111,278,323,542,531,542,550,545,530,669,632,675,994,975,970,1634,1270,2712,1522,29997,29998]} 1. e4 c6 2. Nc3 d5 3. Nf3 dxe4 4. Nxe4 Nf6 5. Nxf6+ gxf6 6. d4 Bf5 7. g3 e6 8. Bg2 {B16: Caro-Kann: Bronstein-Larsen Variation.} Bd6 9. O-O Nd7 10. c4 {White is better.} O-O 11. Nh4 Bg6 12. f4 {f5 is the strong threat.} f5 $1 {[#]} 13. Be3 $146 ({Predecessor:} 13. Kh1 Nf6 14. Qe2 Bh5 15. Bf3 Bxf3+ 16. Nxf3 c5 17. Be3 Qc7 18. a3 Rac8 19. Rac1 {0-1 (94) Caushi,A (1795)-Bekasovs,R (2013) Mamaia 2017}) 13... Nf6 14. Kh1 Be7 15. Nf3 Bh5 16. Qc2 Bxf3 17. Bxf3 Qd7 18. Rad1 Rac8 19. b3 Rfd8 20. Rd3 Kg7 21. Qe2 a6 22. Rfd1 Qc7 23. Bc1 Rh8 $2 {[#] Now Black is done in.} (23... h5 $16 24. Bb2 (24. Bxh5 Nxh5 25. Qxh5 Bf6 $16) 24... Kh6) 24. Bb2 $18 Kg6 $2 (24... Rhe8 25. d5 exd5 26. cxd5 Ba3 27. Bxf6+ Kxf6) 25. g4 fxg4 26. Bxg4 Kg7 27. f5 h5 28. Bh3 exf5 29. d5 cxd5 30. cxd5 Bd8 31. Bxf5 h4 32. Be5 Qc2 33. Rg1+ {Accuracy: White = 77%, Black = 47%.} 1-0

[Event "Riga Summer Festival 2020"]
[Site "Riga"]
[Date "2020.06.19"]
[Round "6.4"]
[White "Olde, Grete"]
[Black "Chukavin, Kirill"]
[Result "1/2-1/2"]
[WhiteElo "1968"]
[BlackElo "2348"]
[Annotator "TA"]
[PlyCount "57"]
[EventDate "2020.06.15"]
[EventType "swiss"]
[EventCountry "LAT"]
[SourceTitle "playchess.com"]
[Source "ChessBase"]
[SourceQuality "1"]

{[%evp 18,57,-6,-13,-21,-39,-39,-25,-25,-36,-42,-20,-31,-25,-21,-29,-31,-35,7,9,57,59,57,57,59,59,59,59,63,59,77,89,87,90,91,88,81,0,0,0,0,-18]} 1. e4 c5 2. Nc3 Nc6 3. g3 g6 4. Bg2 Bg7 5. d3 d6 6. f4 e6 7. Nf3 Nge7 8. O-O O-O 9. Be3 b6 10. d4 {10.Bf2 might become the main line.} d5 {B25: Closed Sicilian: 3 g3, lines without early Be3.} 11. e5 Nf5 12. Bf2 Nfxd4 {Black has an edge.} 13. Nxd4 Nxd4 14. Bxd4 cxd4 15. Qxd4 f6 16. exf6 Bxf6 {[#]} 17. Qd3 $146 {[%cal Rc3d5]} ({Predecessor:} 17. Qb4 Be7 18. Qb5 Bb7 19. Qe2 Bc5+ 20. Kh1 Qf6 21. Rae1 Rae8 22. Nd1 h5 23. c3 {1-0 (56) Rzayev,B (2125)-Arribas Lopez,A (2312) Kemer 2007}) 17... Bd7 (17... Rb8 {seems wilder.} 18. a4 Bd7 19. Rfe1 Qc8 20. Kh1 a6) 18. Nxd5 exd5 19. Bxd5+ {[%mdl 64] [#] Double Attack} Kh8 $1 {Hoping for ...Bf5.} 20. Bxa8 Qxa8 21. Qxd7 {And now c3 would win.} Rd8 22. Qe6 $1 {[%cal Re6f6]} Bd4+ 23. Rf2 $1 {Strongly threatening Re1.} Bxf2+ 24. Kxf2 $14 {KQR-KQR} Rd2+ {[%mdl 64] Double Attack} 25. Ke3 Qd8 26. Qe5+ Kg8 {[#]} 27. Qe4 (27. Re1 $1 $16) 27... Rxh2 $11 28. Kf3 Qd2 {( -> ...Qg2+)} 29. Qe8+ {Accuracy: White = 92%, Black = 89%.} 1/2-1/2